Statistics for Best Coffee Blends According to Consumer Reports

Click here to take the quiz!

General Stats

  • This quiz has been taken 6 times
  • The average score is 6 of 28

Answer Stats

Ex. Blend/FlavorCoffee Label% Correct
Gourmet SupremeFolgers
100%
Organic Yukon BlendStarbucks
100%
Cinnamon RollDunkin' Donuts
80%
The Original RoastMaxwell House
60%
Big BangPeet's Coffee
60%
JoeTrader Joe's
40%
Kenya Grand CruAllegro (Whole Foods)
20%
Lake ShoreCaribou Coffee
20%
Special Reserve Coarse Costa RicaGevalia
20%
Nantucket BlendGreen Mountain Coffee
20%
Three SistersKicking Horse
20%
House Blend Roasted by StarbucksKirkland Signature (Costco)
20%
______'s French RoastNewman's Own Organics
20%
Jacob's WonderbarPhilz Coffee
20%
Certified Organic Rainforest BlendSan Francisco Bay
20%
Pacific Coast BlendYuban
20%
Three AfricansBlue Bottle
0%
Colombian PeaksEight O'Clock
0%
BlondeGreat Value (Walmart)
0%
Stereo BlendHeart Coffee Roasters
0%
El DiabloIntelligentsia
0%
The Rooster OrganicKickapoo
0%
Organics Rouge Espresso BlendLa Colombe
0%
Cowboy BlendLarry's Coffee
0%
Six One SixMadcap Coffee
0%
Premium RoastMarket Pantry (Target)
0%
Flying MonkeyPT's
0%
Hair BenderStumptown Coffee Roasters
0%

Score Distribution

Percentile by Number Answered

Percent of People with Each Score

Your Score History

You have not taken this quiz